00371nam a22001217a 4500008004100000040005500041080002200096245004500118260003700163300001600200650001200216700002100228230504b |||||||| |||| 00| 0 eng d aNational Science LibrarycNational Science Library a541.1-16(08) bL0 aModern aspects of solid state chemistry  aNew York: bPlenum Press, c1970 axiii, 626p. aScience aRao, C N R (Ed.)